Drug Discovery Toxicology : (Record no. 353242)
[ view plain ]
| 000 -LEADER | |
|---|---|
| fixed length control field | 00418nam a2200109Ia 4500 |
| 008 - FIXED-LENGTH DATA ELEMENTS--GENERAL INFORMATION | |
| fixed length control field | 180116s9999 xx 000 0 und d |
| 020 ## - INTERNATIONAL STANDARD BOOK NUMBER | |
| International Standard Book Number | 9781119053330 |
| 100 ## - MAIN ENTRY--PERSONAL NAME | |
| Personal name | Will, Yvonne |
| 245 ## - TITLE STATEMENT | |
| Statement of responsibility, etc | Yvonne Will, J. Eric McDuffie, Andrew J. Olaharski, Brandon D. Jeffy |
| Title | Drug Discovery Toxicology : |
| Remainder of title | from target ssessment to translational biomakers / |
| 260 ## - PUBLICATION, DISTRIBUTION, ETC. (IMPRINT) | |
| Place of publication, distribution, etc | New Jersey |
| Name of publisher, distributor, etc | John Wiley & Sons, Inc |
| Date of publication, distribution, etc | 2016 |
| 300 ## - PHYSICAL DESCRIPTION | |
| Extent | 556 pages |
| Withdrawn status | Lost status | Source of classification or shelving scheme | Damaged status | Home library | Current library | Shelving location | Date acquired | Source of acquisition | Total Checkouts | Full call number | Barcode | Date last seen | Date checked out | Price effective from | Koha item type |
|---|---|---|---|---|---|---|---|---|---|---|---|---|---|---|---|
| Library of Congress Classification | South SEED-LPDH College Library | South SEED-LPDH College Library | South SEED-LPDH College Section | 01/16/2018 | Library Fund | 2 | RA 1238 .D794 2016 | SSLC1625 | 01/31/2019 | 01/24/2019 | 01/16/2018 | Books |